A carregar...
Ritusamhara /
| Outros Autores: | |
|---|---|
| Formato: | Printed Book |
| Publicado em: |
2002.
|
| LEADER | 00512cam a2200181ua 4500 | ||
|---|---|---|---|
| 008 | 060815t2002||||||||||| 00 ||||| c | ||
| 020 | |a 81-208-0031-1 | ||
| 082 | |a 891.21 KAL/R | ||
| 245 | 0 | 0 | |a Ritusamhara / |
| 260 | |c 2002. | ||
| 300 | |a xv,163p.. | ||
| 362 | 1 | |a 2002. | |
| 365 | |a Rs.95/- | ||
| 504 | |a . | ||
| 700 | 0 | 2 | |a Kalidasa, |
| 942 | |c BK | ||
| 999 | |c 10632 |d 10632 | ||
| 952 | |0 0 |1 0 |4 0 |6 891_210000000000000_KALR |7 0 |9 11090 |a KUCL |b KUCL |d 2014-05-23 |l 1 |o 891.21 KAL/R |p 12501 |r 2017-02-13 |s 2015-06-20 |w 2014-05-23 |y BK |f 00000 | ||